banner-ar

دليل السينما 1972 / (Record no. 49957)

MARC details
000 -الفاتح
حقل البيانات ثابتة الطول 00795nam a2200241Ia 4500
005 - وقت وتاريخ اخر تعامل مع التسجيلة
رقم الضبط 20240530104710.0
008 - عناصر البيانات ثابتة الطول - معلومات عامة
حقل البيانات ثابتة الطول 140319s1973 ua h f 000 0 ara d
017 ## - رقم الايداع القانونى
رقم الايداع القانونى 1973/4963
040 ## - مصدر الفهرسة
وكالة الفهرسة الأصلية GCL /
وكالة النسخ GCL
082 04 - رقم تصنيف ديوى العشرى
رقم التصنيف 791.438/
رقم المادة و د
110 1# - المدخل الرئيسى - إسم هيئة
اسم الهيئة أو اسم السلطة كمدخل وزارة الثقافة
245 10 - بيان العنوان
العنوان دليل السينما 1972 /
بيان المسئوليه,etc وزارة الثقافة
260 ## - PUBLICATION, DISTRIBUTION, ETC. (IMPRINT)
تاريخ النشر أو التوزيع 1973.
300 ## - الوصف المادى
التعداد 206 ص. :
تفاصيل ماديه اخرى للوعاء صور ؛
أبعاد الوعاء 24 سم.
490 ## - بيان السلسلة
عنوان السلسلة الهيئة العامة للاستعلامات
رقم المجلد/ التعيين التسلسلي 0
650 04 - المدخل الاضافى بالموضوع-مصطلح موضوعى
مصطلح موضوعي الافلام السينمائية
650 04 - المدخل الاضافى بالموضوع-مصطلح موضوعى
مصطلح موضوعي السينما
650 04 - المدخل الاضافى بالموضوع-مصطلح موضوعى
مصطلح موضوعي الافلام التسجيلية
650 04 - المدخل الاضافى بالموضوع-مصطلح موضوعى
مصطلح موضوعي السينما - مصر
700 1# - المدخل الاضافى - اسم شخصى
الإسم الشخصى نبيل شفيق
942 ## - عناصر المدخل الإضافي( كوها)
مصدر التصنيف او مخطط الترفيف Dewey Decimal Classification
Koha [default] item type كتاب
260 ## - PUBLICATION, DISTRIBUTION, ETC. (IMPRINT)
-- القاهرة :
-- المركز الفنى للصور المرئية،
Holdings
حالة التراجع حالة الفقد حالة تلف ليس للاعارة المكان المؤقت الموقع الحالى تاريخ الاكتساب اجمالي اﻻعارات رقم الطلب الباركود تاريخ اخر مشاهدة تاريخ تفعيل السعر نوع وعاء كوها
        مكتبة القاهرة الكبرى مكتبة القاهرة الكبرى 03/26/2014   791.438/و د 119803 03/26/2014 03/26/2014 كتاب
        مكتبة القاهرة الكبرى مكتبة القاهرة الكبرى 03/26/2014   791.438/و د 119804 03/26/2014 03/26/2014 كتاب

Powered By

EGPV